|
|
|
|
| LEADER |
00000nab a2200000 a 4500 |
| 001 |
vtls000174232 |
| 003 |
SK-MaSNL |
| 005 |
20260302210229.0 |
| 008 |
150501c1984 xo 0 slo |
| 015 |
|
|
|a SNBRB19rr/mm-uuuuu
|
| 035 |
|
|
|a CL0184344
|
| 040 |
|
|
|a SNKBUCL
|b slo
|c SNKBUCL
|e AACR2
|
| 041 |
0 |
|
|a slo
|
| 044 |
|
|
|a xo
|c SK
|
| 080 |
|
|
|a 82.09:830-3(048)
|2 1981
|
| 080 |
|
|
|a 830-3(048)
|2 1981
|
| 100 |
1 |
|
|a Bžoch, Adam,
|d 1966-
|4 aut
|9 97719
|
| 245 |
1 |
0 |
|a Jar bez Karolíny
|c Adam Bžoch ; Jürgen Spitzer
|
| 650 |
0 |
7 |
|a romány psychologické
|2 snkbucl
|9 653970
|
| 655 |
|
7 |
|a články z novín a časopisov
|2 snkbucl
|9 267496
|
| 655 |
|
7 |
|a články z odboru literárna veda a krásna literatúra
|2 snkbucl
|9 770045
|
| 700 |
1 |
|
|a Spitzer, Jürgen
|4 aut
|9 929876
|
| 773 |
0 |
|
|t Nové knihy
|g Č. 7 (1984), s. /6/
|
| 787 |
0 |
8 |
|i Rec.:
|a Spitzer, Jürgen
|t Jar bez Karolíny
|d Bratislava : Smena, 1983
|
| 850 |
|
|
|a Slovenská národná knižnica v Martine
|a MTA001
|
| 852 |
|
|
|a SNK
|b KIS3GCP
|
| 958 |
|
|
|a RK
|
| 958 |
|
|
|a LX
|
| 958 |
|
|
|a DE
|
| 992 |
|
|
|a RBX
|
| 999 |
|
|
|c 1481521
|d 1483451
|